000 00321nam a22001337a 4500
020 _a978-0-689-86566-4
082 _a823
_bKEE/N
100 _aKEENE, CAROLYN
245 _aNANCY DREW
_bWITHOUT A TRACE
260 _aNEW YORK
_bALADDIN PAPERBACKS
_c2004
300 _a150
650 _aSTORY BOOK
_zUNITED STATES
942 _cBK
999 _c3421
_d3421